Things are pretty shaky (Record no. 81284)

MARC details
000 -LEADER
fixed length control field 00731cab a22001935a 4500
001 - CONTROL NUMBER
control field L146770
008 - FIXED-LENGTH DATA ELEMENTS--GENERAL INFORMATION
fixed length control field 090225e20090219xxkd f 000 0 eng d
035 ## - SYSTEM CONTROL NUMBER
System control number (Sirsi) u146770
041 0# - LANGUAGE CODE
Language code of text/sound track or separate title eng
100 1# - MAIN ENTRY--PERSONAL NAME
Personal name Waite, Richard
245 00 - TITLE STATEMENT
Title Things are pretty shaky
260 ## - PUBLICATION, DISTRIBUTION, ETC.
Date of publication, distribution, etc. 2008
490 #0 - SERIES STATEMENT
Series statement Architects' Journal
Volume/sequential designation (229) 19 February 2009, 08-11 (4)
520 ## - SUMMARY, ETC.
Summary, etc. Reports on a survey of UK architects' fears and response to the recession. Highlights that 45% fear for the state of the profession, 41% have reduced their fees, 53% do not let clients defer payments and 40% expect an economic improvement in 2010.
590 ## - LOCAL NOTE (RLIN)
Local note KA
651 #4 - SUBJECT ADDED ENTRY--GEOGRAPHIC NAME
Geographic name United Kingdom
Chronological subdivision
690 ## - LOCAL SUBJECT ADDED ENTRY--TOPICAL TERM (OCLC, RLIN)
Topical term or geographic name as entry element BUILT ENVIRONMENT-CONSTRUCTION MARKET
942 ## - ADDED ENTRY ELEMENTS (KOHA)
Suppress in OPAC 0
Holdings
Withdrawn status Lost status Source of classification or shelving scheme Damaged status Not for loan Home library Current library Shelving location Date acquired Total Checkouts Full call number Barcode Date last seen Copy number Price effective from Koha item type
    Dewey Decimal Classification     London London Journal article 25/02/2009   L146770 146770-1001 06/08/2019 1 06/08/2019 Journal article